Continuation of the national emergency with respect to Somalia : communication from the President of the United States transmitting notification that the national emergency with respect to Somalia, declared in Executive Order 13536 of April 12, 2010, is to continue in effect beyond April 12, 2023, pursuant to 50 U.S.C. 1622(d); Public Law 94-412, Sec. 202(d); (90 Stat. 1257).

Bibliographic Details
Main Author: Biden, Joseph R., Jr (Author)
Corporate Author: United States. President (2021- : Biden) (Author)
Format: Government Document eBook
Language:English
Published: Washington : U.S. Government Publishing Office, 2023.
Series:House document (United States. Congress. House) ; 118-24.
Subjects:
Online Access:https://purl.fdlp.gov/GPO/gpo195175

MARC

Tag First Indicator Second Indicator Subfields
LEADER 00000nam a2200000 i 4500
001 in00004724721
006 m o d f
007 cr b|||||a||||
008 230412s2023 dcu o f000 0 eng c
005 20230615205842.4
035 |a (OCoLC)on1375596846 
040 |a GPO  |b eng  |e rda  |e pn  |c GPO  |d MvI 
042 |a pcc 
043 |a n-us---  |a f-so--- 
049 |a WWW 
074 |a 0996-F (online) 
086 0 |a Y 1.1/7:118-24 
110 1 |a United States.  |b President (2021- : Biden),  |0 https://id.loc.gov/authorities/names/no2021008616  |e author. 
240 1 0 |a Continuation of the national emergency with respect to Somalia (2023 April 10) 
245 1 0 |a Continuation of the national emergency with respect to Somalia :  |b communication from the President of the United States transmitting notification that the national emergency with respect to Somalia, declared in Executive Order 13536 of April 12, 2010, is to continue in effect beyond April 12, 2023, pursuant to 50 U.S.C. 1622(d); Public Law 94-412, Sec. 202(d); (90 Stat. 1257). 
264 1 |a Washington :  |b U.S. Government Publishing Office,  |c 2023. 
300 |a 1 online resource (3 pages). 
336 |a text  |b txt  |2 rdacontent 
337 |a computer  |b c  |2 rdamedia 
338 |a online resource  |b cr  |2 rdacarrier 
490 1 |a House document / 118th Congress, 1st session ;  |v 118-24 
500 |a "Referred to the Committee on Foreign Affairs." 
500 |a "April 10, 2023." 
500 |a In scope of the U.S. Government Publishing Office Cataloging and Indexing Program (C&I) and Federal Depository Library Program (FDLP). 
500 |a GPO Cataloging Record Distribution Program (CRDP). 
588 |a Description based on online resource, PDF version; title from title page (GovInfo, viewed April 12, 2023). 
650 0 |a Economic sanctions, American  |z Somalia. 
651 0 |a United States  |x Foreign relations  |z Somalia. 
651 0 |a Somalia  |x Foreign relations  |z United States. 
650 7 |a International Affairs.  |2 cgpa 
655 7 |a Legislative materials.  |2 lcgft  |0 https://id.loc.gov/authorities/genreForms/gf2011026362 
700 1 |a Biden, Joseph R.,  |c Jr.,  |0 https://id.loc.gov/authorities/names/n80016125  |e author. 
710 1 |a United States.  |b Congress.  |b House.  |b Committee on Foreign Affairs,  |0 https://id.loc.gov/authorities/names/n79060504  |e issuing body. 
776 0 8 |i Print version:  |a United States. President (2021- : Biden).  |s Continuation of the national emergency with respect to Somalia (2023 April 10)  |w (OCoLC)1375596755 
830 0 |a House document (United States. Congress. House) ;  |0 https://id.loc.gov/authorities/names/n42012889  |v 118-24. 
856 4 0 |u https://purl.fdlp.gov/GPO/gpo195175  |t 0 
999 f f |s 152fe582-e5e2-4647-bbbc-2614e5206e7d  |i d20ec225-cf32-417e-bad3-3ff22de92b4b  |t 0 
952 f f |a Texas A&M University  |b College Station  |c Electronic Resources  |d Available Online  |t 0  |e Y 1.1/7:118-24  |h Superintendent of Documents classification 
998 f f |a Y 1.1/7:118-24  |t 0  |l Available Online